000 01404cam a2200373 a 4500
001 33481
003 BD-RjUL
005 20211209052020.0
008 140508s1987 ii a b 000 0 eng
020 _a080399530X (U.S.)
020 _a0803995318
020 _a8170360471(India-hbk)
020 _a817036048xIndia-pbk)
035 _a(BD-RjUL)33572
040 _aDLC
_cDLC
_dBD-RjUL
_beng
041 _aeng
082 0 0 _a307.140954
_219
_bOTH 1987
245 0 4 _aThe Other side of development :
_bsocial psychological implications /
_cedited by K.S. Shukla.
260 _aNew Delhi ;
_bNewbury Park, Calif. :
_bSage Publications, India,
_cc1987.
300 _a255 p. :
_bill. ;
_c23 cm.
504 _aBibliography: p. [241]-252.
650 0 _aCommunity development
_zIndia.
_9101606
650 0 _aEconomic development
_xSocial aspects.
_98036
650 0 _aEconomic development
_xPsychological aspects.
_9101607
650 0 _aDeviant behavior.
_9769
651 0 _aIndia
_xSocial conditions
_y1947-
_9101608
651 0 _aIndia
_xEconomic conditions
_y1947-
_9101609
700 1 _aShukla, Kamla Skanker,
_d1939-
_9101610
856 4 2 _3Publisher description
_uhttp://www.loc.gov/catdir/enhancements/fy0657/87004342-d.html
856 4 1 _3Table of contents only
_uhttp://www.loc.gov/catdir/enhancements/fy0657/87004342-t.html
942 _2ddc
_cBK
999 _c33481
_d33481